000 00876nam a22002417a 4500
005 20240530110906.0
008 220214s2008 ua g 000 0 ara d
017 _bمصر. دار الكتب
_a2008/25161
020 _a9772862719
040 _aEG-CaGPL
_cEG-CaGPL
082 0 4 _221
_a327.11\
_bم س
100 0 _aمحمد حسين ابوالعلا
245 1 2 _aالسادية الامريكية /
_cمحمد حسين ابوالعلا
250 _aط. 1
260 _aالقاهرة :
_bمدبولى الصغير ،
_c2008
300 _a217 ص. ؛
_c24 سم
650 0 7 _2qrmak
_aالولايات المتحدة الامريكية
_xالسياسة الخارجية
650 0 7 _2qrmak
651 _aالعراق
_2qrmak
_xالعلاقات الخارجية
653 0 _aالمشروع الامريكى
942 _2ddc
_cBK
999 _c66216
_d66216